Child labour and their rights / (Record no. 59972)

MARC details
000 -LEADER
fixed length control field 00760nam a22002297a 4500
005 - DATE AND TIME OF LATEST TRANSACTION
control field 20130715114630.0
010 ## - LCCN (DPL NO)
LC control number ENG-104503
020 ## - INTERNATIONAL STANDARD BOOK NUMBER
International Standard Book Number 9789380633053
Terms of availability 900.00
035 ## - SYSTEM CONTROL NUMBER
System control number EN-88036
035 ## - SYSTEM CONTROL NUMBER
System control number B-492215
037 ## - SOURCE OF ACQUISITION
Source of stock number/acquisition DBAD/PUB
037 ## - SOURCE OF ACQUISITION
Source of stock number/acquisition Blue Berry/Ven
Stock number dpl
082 ## - DEWEY DECIMAL CLASSIFICATION NUMBER
Classification number 331.31
100 ## - MAIN ENTRY--PERSONAL NAME
Personal name Singh, A.K.
245 00 - TITLE STATEMENT
Title Child labour and their rights /
Statement of responsibility, etc by A.K.Singh
260 ## - PUBLICATION, DISTRIBUTION, ETC. (IMPRINT)
Place of publication, distribution, etc Delhi
Name of publisher, distributor, etc Saad Publications
Date of publication, distribution, etc 2012
270 ## - ADDRESS
Address 526,Vijay Park, Street No. 5, Maujpur
City Delhi
Postal code 110053
300 ## - PHYSICAL DESCRIPTION
Extent 296p.
Dimensions 22cm (Hb)
500 ## - GENERAL NOTE
General note Includes bibliographical references and index
942 ## - ADDED ENTRY ELEMENTS (KOHA)
Source of classification or shelving scheme Dewey Decimal Classification
Item type English Books
Call number suffix SIN
Classification part 331.31
Holdings
Withdrawn status Lost status Not for loan Collection code Home library Current library Date acquired Source of acquisition Cost, normal purchase price Full call number Barcode Copy number Cost, replacement price Koha item type
    Not For Loan Non-fiction D.B.Act.Division D.B.Act.Division 26/12/2011 DBAD / PUB 900.00 331.31 SIN EN-88036 1 900.00 English Books
      Non-fiction Patel Nagar Patel Nagar 15/07/2013 Blue Berry/IN9994/03.01.2013/116/18.12.2012/23.01.2013 900.00 331.31 SIN B-492215 1 900.00 English Books

© Delhi Public Library
Hit Counter
free hit counter